| 000 | 00942cab a2200253 4500 | ||
|---|---|---|---|
| 001 | X1141 | ||
| 008 | 090401t1993 xxu||||| |||| 00| 0 eng d | ||
| 035 | _a(Sirsi) u14919 | ||
| 041 | _aeng | ||
| 245 | _aCotswold DC v SoS for the Environment and Alexander | ||
| 260 | _c1993 | ||
| 350 | _a0 | ||
| 490 |
_aJournal of Planning and Environment Law _vNovember 1993, 1026-1032(7) |
||
| 520 | _aEnforcement notices - agricultural land - high plastic mesh windbreak - fence or building - GDO 1988 Class A part 2 Class A part 6 - Inspector did not determine whether the structure was a `building` - matter of fact and degree. (Headnote from journal) QBD 9 March 1993. | ||
| 650 | _aAGRICULTURAL BUILDINGS | ||
| 650 | _aDEVELOPMENT | ||
| 650 | _aENFORCEMENT NOTICES | ||
| 650 | _aENGINEERING OPERATIONS | ||
| 650 | _aFARM SHOPS | ||
| 650 | _aFENCES | ||
| 690 | _aPLANNING LAW AND PRACTICE-CASE LAW | ||
| 942 | _n0 | ||
| 948 | _c04/03/1997 | ||
| 999 |
_c9740 _d9740 |
||